00368 a2200145 450000100060000002000150000604000240002110000230004524000500006824500450011830000070016336200090017044000120017965000310019169968 a8508040644 cAnchieta - Itaigara aMachado, Ana Maria10aNa praia e no luar, tartaruga quer o marlpor10aNa praia e no luar, tartaruga quer o mar a320 a1992 1aÁtica 4aLiteratura infanto-juvenil